Money on your mind : (Record no. 31133)

MARC details
000 -LEADER
fixed length control field 00827nam a22002658i 4500
001 - CONTROL NUMBER
control field 021447876
003 - CONTROL NUMBER IDENTIFIER
control field EG-ScBUE
005 - DATE AND TIME OF LATEST TRANSACTION
control field 20260216100346.0
008 - FIXED-LENGTH DATA ELEMENTS--GENERAL INFORMATION
fixed length control field 240417s2024 enk f 000 0 eng d
020 ## - INTERNATIONAL STANDARD BOOK NUMBER
International Standard Book Number 9781788708180
040 ## - CATALOGING SOURCE
Original cataloging agency StDuBDS
Language of cataloging eng
Description conventions rda
Transcribing agency StDuBDS
Description conventions pn
Modifying agency EG-ScBUE
082 04 - DEWEY DECIMAL CLASSIFICATION NUMBER
Classification number 332.024
Edition number 22
Item number REY
100 1# - MAIN ENTRY--PERSONAL NAME
Personal name Reynal, Vicky,
Relator term author.
245 10 - TITLE STATEMENT
Title Money on your mind :
Remainder of title the psychology behind your financial habits /
Statement of responsibility, etc Vicky Reynal.
264 #1 - PUBLICATION, DISTRIBUTION, ETC. (IMPRINT)
Place of publication, distribution, etc London :
Name of publisher, distributor, etc Lagom,
Date of publication, distribution, etc 2024.
300 ## - PHYSICAL DESCRIPTION
Extent 344 pages ;
Dimensions 20 cm
336 ## - CONTENT TYPE
Content type term text
Source rdacontent
Content type code txt
337 ## - MEDIA TYPE
Media type term computer
Source rdamedia
Media type code n
338 ## - CARRIER TYPE
Carrier type term online resource
Source rdacarrier
Carrier type code nc
650 #7 - SUBJECT ADDED ENTRY--TOPICAL TERM
Topical term or geographic name as entry element Finance, Personal
General subdivision Psychological aspects.
Source of heading or term BUEsh
653 ## - INDEX TERM--UNCONTROLLED
Arrived date list February2026
Resource For college BAEPS, Economics
655 ## - INDEX TERM--GENRE/FORM
Form subdivision Reading book
942 ## - ADDED ENTRY ELEMENTS (KOHA)
Source of classification or shelving scheme Dewey Decimal Classification
Koha item type Book - Borrowing
Holdings
Withdrawn status Lost status Source of classification or shelving scheme Damaged status Not for loan Collection code Home library Current library Shelving location Date acquired Source of acquisition Cost, normal purchase price Total Checkouts Full call number Barcode Date last seen Cost, replacement price Price effective from Koha item type
    Dewey Decimal Classification     AUC Central Library Central Library First floor 16/02/2026 Purchase 865.00   332.024 REY 000057539 16/02/2026 1081.00 16/02/2026 Book - Borrowing